[Event "135th ch-New York State"]
[Site "Albany USA"]
[Date "2013.09.02"]
[Round "5"]
[White "Benjamin,Joe"]
[Black "Chi,Patrick"]
[Result "1/2-1/2"]
[WhiteElo "2547"]
[BlackElo "2101"]

1.e4 c6 2.c4 d5 3.cxd5 cxd5 4.exd5 Nf6 5.Nc3 Nxd5 6.Nf3 Nc6 7.Bb5 e6 8.O-O Be7
9.d4 O-O 10.Re1 a6 11.Bd3 Bf6 12.Be4 g6 13.Bh6 Bg7 14.Bxg7 Kxg7 15.Bxd5 exd5
16.Qb3 b5 17.Rac1 Be6 18.Ne2 Qd6 19.Qe3 Rac8 20.h3 Rfe8 21.Ne5 Bf5 22.Qh6+ Kg8
23.Ng3 Be6 24.Nh5 gxh5 25.Rc3 Ne7 26.Rg3+ Ng6 27.Nxg6 fxg6 28.Rxg6+ hxg6
29.Qxg6+ Kf8 30.Qf6+ Kg8 31.Qg6+ Kf8 32.Qf6+ Kg8 33.Qg6+  1/2-1/2

[Event "135th ch-New York State"]
[Site "Albany USA"]
[Date "2013.09.02"]
[Round "6"]
[White "Benjamin,Joe"]
[Black "Ivanov,AV USA"]
[Result "1/2-1/2"]
[WhiteElo "2547"]
[BlackElo "2524"]

1.e4 e5 2.Nf3 Nc6 3.Bb5 Nf6 4.d3 Bc5 5.c3 O-O 6.O-O d6 7.h3 Ne7 8.d4 Bb6
9.Re1 Ng6 10.Nbd2 c6 11.Bd3 Re8 12.b3 d5 13.exd5 exd4 14.Rxe8+ Qxe8 15.Nxd4 Nxd5
16.Bb2 Ngf4 17.Bf1 Bxd4 18.cxd4 Bf5 19.Nc4 Rd8 20.Qd2 f6 21.Kh2 Qg6 22.Ne3 Nxe3
23.Qxe3 Nd5 24.Qg3 Qxg3+ 25.Kxg3 Re8 26.Bc4 h5 27.Rc1 Kf7 28.Ba3 g5 29.f3 h4+
30.Kf2 b5 31.Bf1 Ne3 32.Re1  1/2-1/2

[Event "US Chess League 2013"]
[Site "chess.com INT"]
[Date "2013.09.18"]
[Round "4"]
[White "Matikozian,A"]
[Black "Benjamin,Joe"]
[Result "1/2-1/2"]
[WhiteElo "2475"]
[BlackElo "2547"]

1.e4 c6 2.d4 d5 3.Nd2 g6 4.Ngf3 Bg7 5.h3 dxe4 6.Nxe4 Nf6 7.Nxf6+ exf6 8.Bc4 O-O
9.O-O Nd7 10.Re1 b5 11.Bb3 Nb6 12.Be3 a5 13.c3 a4 14.Bc2 Be6 15.b3 Ra6 16.Rc1 Qc7
17.Bd3 axb3 18.axb3 Nd5 19.Bd2 Nf4 20.Bxf4 Qxf4 21.c4 bxc4 22.Bxc4 Bxc4 23.Rxc4 Qf5
24.Rc5 Qd7 25.d5 Qd6 26.Rxc6 Rxc6 27.dxc6 Qxc6 28.Qd3 Rb8 29.Qc4 Qxc4 30.bxc4 Bh6
31.Rd1 Rc8 32.Rd4 Bc1 33.g4 Bb2 34.Re4 Kg7 35.Kg2 Bc3 36.Nd4 Rd8 37.Nb5 Bb4
38.Re2 Rd7 39.Rc2 Bc5 40.Nc3 Rd4 41.Nd5 Bd6 42.Kf3 Bc5 43.Nc7 Rd3+ 44.Ke4 Rd4+
45.Kf3 Rd3+ 46.Kg2 Rd8 47.Na6 Rc8 48.Nxc5 Rxc5 49.Kf3 Kf8 50.Ke3 Ke7 51.Kd4 Ra5
52.Rb2 Ra3 53.Kd5 Rd3+ 54.Kc6 Rd6+ 55.Kc5 Rd3 56.h4 Kd7 57.Rb7+ Ke6 58.Rb2 Ke5
59.Kb6 Rd6+ 60.Kb5 Rd8 61.Re2+ Kf4 62.c5 Kxg4 63.c6 Kxh4 64.c7 Rc8 65.Kc6 Kg4
66.Kd7 Rxc7+ 67.Kxc7 Kf3 68.Re7 Kxf2 69.Rxf7 g5 70.Rxf6+ Ke3 71.Rh6 g4 72.Rxh7 g3
73.Rg7 Kf2 74.Rxg3 Kxg3  1/2-1/2

[Event "US Chess League 2013"]
[Site "chess.com INT"]
[Date "2013.09.25"]
[Round "5"]
[White "Schneider,Dm"]
[Black "Benjamin,Joe"]
[Result "0-1"]
[WhiteElo "2475"]
[BlackElo "2547"]

1.e4 e5 2.Nf3 d6 3.d4 exd4 4.Qxd4 a6 5.Bg5 Nc6 6.Qd2 Be7 7.h4 Nf6 8.Nc3 h6
9.Bf4 b5 10.O-O-O b4 11.Nd5 Nxe4 12.Qe3 Nc5 13.Nxc7+ Qxc7 14.Rxd6 b3 15.Bc4 bxa2
16.Bxa2 Nb4 17.Bxf7+ Kf8 18.Bg6 Ncd3+ 19.Bxd3 Bxd6 20.Bxd6+ Qxd6 21.Be4 Rb8
22.Nd4 Kf7 23.Re1 Rd8 24.Qb3+ Kf8 25.Re3 Nd5 26.Rf3+ Nf6 27.Rxf6+ gxf6 28.Qe3 Qxd4
29.Qxh6+ Ke7 30.Qg7+ Kd6 31.Qg3+ Qe5 32.Qd3+ Ke7 33.Qa3+ Qd6  0-1